Robotizované prekladanie objektov v prostredí Grasshopper
Gespeichert in:
| 1. Verfasser: | |
|---|---|
| Weitere Verfasser: | |
| Format: | Manuskript Buch |
| Sprache: | Slowakisch |
| Veröffentlicht: |
2019
|
| Schlagworte: | |
| Online-Zugang: | http://is.stuba.sk/zp/portal_zp.pl?podrobnosti=135442 |
| Tags: |
Keine Tags, Fügen Sie das erste Tag hinzu!
|
MARC
| LEADER | 00000ntm a22000003a 4500 | ||
|---|---|---|---|
| 001 | stuzp71566 | ||
| 003 | SK-STU | ||
| 005 | 20190718145634.7 | ||
| 007 | ta | ||
| 008 | 150427s2015----xo-----f-mn---000-0-slo-d | ||
| 040 | |a STU |b slo | ||
| 041 | 0 | |a slo | |
| 044 | |a xo | ||
| 100 | 1 | |a Sallay, Bálint |u 031000 |4 aut |U FEI Fakulta elektrotechniky a informatiky |T FEI Ústav robotiky a kybernetiky |X 86450 |U E011 |Y 356 |7 86450 | |
| 242 | 0 | 1 | |a Robot Object Pick and Place in Grasshopper Enviroment |y eng |
| 245 | 1 | 0 | |a Robotizované prekladanie objektov v prostredí Grasshopper |
| 260 | |c 2019 | ||
| 300 | |a 42 s., príl., |b CD-ROM | ||
| 650 | 4 | |a Rhinoceros3D |2 slo | |
| 650 | 4 | |a Grasshopper |2 slo | |
| 650 | 4 | |a Pick and place |2 slo | |
| 650 | 4 | |a ABB |2 slo | |
| 650 | 4 | |a Rhinoceros3D |2 eng | |
| 650 | 4 | |a Grasshopper |2 eng | |
| 650 | 4 | |a ABB |2 eng | |
| 650 | 4 | |a Pick and place |2 eng | |
| 700 | 1 | |a Adamík, Michal |u 031000 |k Z3 |4 ths |U FEI Fakulta elektrotechniky a informatiky |T FEI Ústav robotiky a kybernetiky |X 64812 |U E011 |Y 356 |7 A000064812 | |
| 856 | 4 | |u http://is.stuba.sk/zp/portal_zp.pl?podrobnosti=135442 | |
| 996 | |b 284ER02883 |c E*Bc- 2883 |l EE31 |s P |a 0 |w stuzp71566_0001 | ||